000 01017cab a2200277 4500
001 ABS58522
008 090401t1998 xxu||||| |||| 00| 0 eng d
035 _a(Sirsi) u85534
041 _aeng
100 _aCottam, G.
245 _aConditional changes in the contract game
260 _c1998
350 _a0
490 _aConstruction News
_v(6559) 2 April 1998, 18(1)
520 _aExmaines amendments to the ICE Conditions of Contract, due to the Housing Grants Construction & Regeneration Act 1996. The act comes into effect 1 May.
650 _aADJUDICATION PROVISIONS
650 _aMANAGEMENT-DISPUTE AVOIDANCE, MANAGEMENT AND RESOLUTION-DISPUTE MANAGEMENT AND RESOLUTION-ALTERNATIVE DISPUTE RESOLUTION-ADJUDICATION
650 _aAMENDMENTS
650 _aHOUSING GRANTS CONSTRUCTION AND REGENERATION ACT 1996
650 _aICE CONDITIONS OF CONTRACT
650 _aSTAGE PAYMENTS
690 _aBUILT ENVIRONMENT-BUILDING CONTRACT FORMS
690 _aLAW
942 _n0
948 _c09/04/1998
999 _c53794
_d53794